| 000 | 00434nam a22001697a 4500 | ||
|---|---|---|---|
| 005 | 20160521120457.0 | ||
| 008 | 160521b xxu||||| |||| 00| 0 eng d | ||
| 020 | _a81-224-1468-0 | ||
| 041 | _aeng | ||
| 082 | _b3740 | ||
| 100 |
_aS.M. Yahea _9953 |
||
| 245 | _aFundamentals of compressile Flow | ||
| 260 |
_aNew Delhi _bNew Age Internation (P) Ltd Pub. _c2003 |
||
| 300 | _a678 | ||
| 650 |
_aDIPLOMA ENGINEERING _9817 |
||
| 942 | _cBK | ||
| 999 |
_c1296 _d1296 |
||